000 00793nam a2200253Ia 4500
003 OSt
005 20220923210950.0
006 a|||||r|||| 00| 0
007 ta
008 Pun
020 _a812601489X (hbk)
024 _a235,677
037 _cTextual
040 _aARTS
_cARTS
_bPun
041 _2Pun
_aPun
082 _aO153v236H, P2
100 _aਕਾਂਗ, ਅਮਰਜੀਤ ਸਿੰਘ, ਥਦ.
_9156629
245 0 _aਹਰਿਆਣਾ ਦਾ ਪੰਜਾਬੀ ਸਾਹਿਤ
260 _aਦਿੱਲੀ
_b ਸਾਹਿਤ ਅਕਾਦੇਮੀ
_c2002
300 _a416ਪੰ
_ccm.
650 _aਪੰਜਾਬੀ ਸਾਹਿਤ
942 _hO153v236H, P2
_cTEXL
_2CC
999 _c293254
_d293254